| 000 | 01052nam0a22002651 4500 | ||
|---|---|---|---|
| 001 | rc\4994601 | ||
| 005 | 20130430132817.1 | ||
| 021 |
_aRU _b68-30002 |
||
| 021 |
_aRU _bРг3990-68 |
||
| 035 | _a(NLR Aleph) 008973744 | ||
| 090 |
_a9141359 _c9141359 |
||
| 100 | _a20130430d1968 |||y0rusy50 ca | ||
| 101 | 0 | _arus | |
| 102 | _aRU | ||
| 105 | _ay z ||||| | ||
| 200 | 1 |
_aКоличественный анализ с применением объемного полумикрометода _eПособие для лабораторных занятий по количеств. анализу _fМ-во высш. и сред. спец. образ. РСФСР. Моск. геологоразведочный ин-т им. С. Орджоникидзе |
|
| 210 |
_aМосква _cБ. и. _d1968 |
||
| 215 |
_a55 с. _d21 |
||
| 700 | 1 |
_aСпицын _bН. И. _f1888- _gНиколай Иванович |
|
| 701 | 1 |
_aМакаров _bА. В. |
|
| 801 | 0 |
_aRU _bNLR _gpsbo |
|
| 801 | 1 |
_aRU _bELAR _2rusmarc |
|
| 852 |
_aNLR _j68-6/5553 |
||
| 942 | _cBOOK | ||
| 980 | _aNB | ||